| 000 | 00521nam a2200157 i 4500 | ||
|---|---|---|---|
| 001 | 29324 | ||
| 003 | ES-MaACL | ||
| 005 | 20230906154018.0 | ||
| 007 | t| | ||
| 008 | 030121s1945 sp ||||1| spa d | ||
| 100 | 1 |
_aBallester Escalas, R. _925014 |
|
| 245 | 1 | 3 |
_aEl historiador William Shakespeare _b: (ensayo sobre el espíritu del siglo XVI) / _cR. Ballester Escalas. |
| 260 |
_aZaragoza : _bR. Ballester, _c1945 ( _fFrancisco Sugrañes) |
||
| 300 |
_a746 p., 15 lám. ; _c23 cm. |
||
| 852 |
_aES-MaACL _jB-10435 _bR.21822 |
||
| 999 |
_c29324 _d29324 |
||